| 000 | 00481nam a22001577a 4500 | ||
|---|---|---|---|
| 999 |
_c263144 _d263143 |
||
| 003 | OSt | ||
| 005 | 20240304152308.0 | ||
| 008 | 240304b xxu||||| |||| 00| 0 eng d | ||
| 020 | _a0439376106 | ||
| 040 | _cRU | ||
| 100 | _aPilkey, Dav. | ||
| 245 |
_aCaptain Underpants and the Big, Bad battle of the Bionic Booger Boy Part1, the Night of the Nasty Nostril nuggets _bThe Sixth Epic Novel |
||
| 260 |
_aNew York _bScholastic Inc _c2003 |
||
| 300 |
_a175p. _bill. |
||
| 942 |
_2lcc _cBK |
||